Les plans reliefs de villes et de sites en images - Statistiques

Statistiques générales
  • Ce quiz a été pris 12 fois
  • Le résultat moyen est 12 sur 27
Statistiques - réponses
Par images Hint Réponse % Correct
France - 29 - B Port de {Brest}
92%
France - 50 - M Mont-Saint-Michel
83%
France - 06 - A Antibes
75%
France - 38 - G Grenoble
75%
France - 50 - C Cherbourg
67%
France - 05 - B Forteresse de {Briançon}
67%
France - 02 - L Laon
67%
France - 59 - L Lille
67%
France - 25 - B Besançon
58%
Belgique - N Namur
58%
Belgique - Y Ypres
58%
France - 62 - C Calais
50%
France - 13 - I Château d If
50%
France - 33 - B Citadelle de {Blaye}
50%
France - 20 - C Citadelle de {Calvi}
50%
Pays-Bas - M Maastricht
50%
France - 83 - S Saint-Tropez
50%
France - 17 - O Château d Oléron
42%
Belgique - T Tournai
42%
France - 59 - G Gravelines
25%
France - 59 - A Avesnes-sur-Helpe
17%
France - 62 - A Aire-sur-la-Lys
8%
France - 56 - B Belle-île-en-Mer
8%
France - 13 - S Fort {Saint-Nicolas} à Marseille
8%
Belgique - A Audenarde
0%
France - 59 - B Bergues
0%
France - 33 - T Château {Trompette} à Bordeaux
0%
Aucun quiz correspondant
Distribution des résultats
% des personnes avec chaque résultat
Percentile par nombre de réponses
Votre historique - résultats
Vous n’avez pas pris ce quiz